000 00534nam a22002057a 4500
003 ELib
005 20140310181723.0
008 130307t xxu||||| |||| 00| 0 eng d
020 _a9719270845
050 _aPL 6056
_b.F385 2005
082 _aIB 499.21103
_bD56 2005
245 _aAng bagong Filipino-English diksyunaryo /
_cAlicia S. Ferrer
250 _aMillennium ed.
260 _aManila
_b[s.n.]
_cc2005
300 _axv, 1088 p.
_c30 cm
521 _aIB students
541 _j1
562 _e1
942 _2lcc
_cIB
_kIB
999 _c2088
_d2088